<?xml version="1.0" encoding="UTF-8"?>
<record
    xmlns:xsi="http://www.w3.org/2001/XMLSchema-instance"
    xsi:schemaLocation="http://www.loc.gov/MARC21/slim http://www.loc.gov/standards/marcxml/schema/MARC21slim.xsd"
    xmlns="http://www.loc.gov/MARC21/slim">

  <leader>01114nam a22001697a 4500</leader>
  <controlfield tag="003">SGT</controlfield>
  <datafield tag="020" ind1=" " ind2=" ">
    <subfield code="a">9788131758915</subfield>
  </datafield>
  <datafield tag="082" ind1=" " ind2=" ">
    <subfield code="a">531,GOL</subfield>
  </datafield>
  <datafield tag="100" ind1=" " ind2=" ">
    <subfield code="a">GOLDSTEIN,HERBERT</subfield>
  </datafield>
  <datafield tag="245" ind1=" " ind2=" ">
    <subfield code="a">CLASSICAL MECHANICS</subfield>
  </datafield>
  <datafield tag="250" ind1=" " ind2=" ">
    <subfield code="a">3RD</subfield>
  </datafield>
  <datafield tag="260" ind1=" " ind2=" ">
    <subfield code="a">NEW DELHI</subfield>
    <subfield code="b">PEARSON</subfield>
    <subfield code="c">2016</subfield>
  </datafield>
  <datafield tag="300" ind1=" " ind2=" ">
    <subfield code="a">646</subfield>
  </datafield>
  <datafield tag="650" ind1=" " ind2=" ">
    <subfield code="a">CLASSICAL MECHANICS, PHYSICS</subfield>
  </datafield>
  <datafield tag="653" ind1=" " ind2=" ">
    <subfield code="a">1.	SURVEY OF THE ELEMENTARY PRINCIPLES 2.	VARIATIONAL PRINCIPLES AND LAGRANGE&#x2019;S EQUATIONS 3.	THE CENTRAL FORCE PROBLEM 4.	THE KINEMATICS OF RIGID BODY MOTION 5.	THE RIGID BODY EQUATIONS OF MOTION 6.	OSCILLATIONS 7.	THE CLASSICAL MECHANICS OF THE SPECIAL THEORY OF RELATIVITY 8.	THE HAMILTON EQUATIONS OF MOTION 9.	CANONICAL TRANSFORMATIONS 10.	HAMILTON&#x2013;JACOBI THEORY AND ACTION-ANGLE VARIABLES 11.	CLASSICAL CHAOS 12.	CANONICAL PERTURBATION THEORY 13.	INTRODUCTION TO THE LAGRANGIAN AND HAMILTONIAN FORMULATIONS FOR CONTINUOUS SYSTEMS AND FIELDS  APPENDIX A EULER ANGLES IN ALTERNATE CONVENTIONS AND CAYLEY&#x2013;KLEIN PARAMETERS APPENDIX B GROUPS AND ALGEBRAS APPENDIX C SOLUTIONS TO SELECT EXERCISES SELECTED BIBLIOGRAPHY AUTHOR INDEX SUBJECT INDEX</subfield>
  </datafield>
  <datafield tag="942" ind1=" " ind2=" ">
    <subfield code="2">ddc</subfield>
    <subfield code="c">FPS</subfield>
    <subfield code="0">2</subfield>
  </datafield>
  <datafield tag="952" ind1=" " ind2=" ">
    <subfield code="0">0</subfield>
    <subfield code="1">0</subfield>
    <subfield code="2">ddc</subfield>
    <subfield code="4">0</subfield>
    <subfield code="7">0</subfield>
    <subfield code="8">FS</subfield>
    <subfield code="a">SSSL</subfield>
    <subfield code="b">SSSL</subfield>
    <subfield code="c">DISPLAY</subfield>
    <subfield code="d">2016-06-28</subfield>
    <subfield code="e">AHUJA BOOKS</subfield>
    <subfield code="g">725.00</subfield>
    <subfield code="i">SGTU</subfield>
    <subfield code="l">4</subfield>
    <subfield code="o">531,GOL</subfield>
    <subfield code="p">PS1483</subfield>
    <subfield code="r">2023-01-04 00:00:00</subfield>
    <subfield code="s">2022-12-21</subfield>
    <subfield code="w">2016-03-03</subfield>
    <subfield code="y">FPS</subfield>
    <subfield code="k">6680</subfield>
  </datafield>
  <datafield tag="952" ind1=" " ind2=" ">
    <subfield code="0">0</subfield>
    <subfield code="1">0</subfield>
    <subfield code="2">ddc</subfield>
    <subfield code="4">0</subfield>
    <subfield code="7">0</subfield>
    <subfield code="8">FS</subfield>
    <subfield code="a">SSSL</subfield>
    <subfield code="b">SSSL</subfield>
    <subfield code="c">DISPLAY</subfield>
    <subfield code="d">2016-06-28</subfield>
    <subfield code="e">AHUJA BOOKS</subfield>
    <subfield code="g">725.00</subfield>
    <subfield code="i">SGTU</subfield>
    <subfield code="l">1</subfield>
    <subfield code="o">531,GOL</subfield>
    <subfield code="p">PS1484</subfield>
    <subfield code="r">2017-09-25 00:00:00</subfield>
    <subfield code="s">2017-09-08</subfield>
    <subfield code="w">2016-03-03</subfield>
    <subfield code="y">FPS</subfield>
    <subfield code="k">6680</subfield>
  </datafield>
  <datafield tag="952" ind1=" " ind2=" ">
    <subfield code="0">0</subfield>
    <subfield code="1">0</subfield>
    <subfield code="2">ddc</subfield>
    <subfield code="4">0</subfield>
    <subfield code="7">0</subfield>
    <subfield code="8">FS</subfield>
    <subfield code="a">SSSL</subfield>
    <subfield code="b">SSSL</subfield>
    <subfield code="c">DISPLAY</subfield>
    <subfield code="d">2016-06-28</subfield>
    <subfield code="e">SPARCH BOOKS</subfield>
    <subfield code="g">725.00</subfield>
    <subfield code="i">SGTU</subfield>
    <subfield code="l">1</subfield>
    <subfield code="o">531,GOL</subfield>
    <subfield code="p">PS511</subfield>
    <subfield code="r">2017-09-28 00:00:00</subfield>
    <subfield code="s">2017-09-08</subfield>
    <subfield code="w">2014-11-21</subfield>
    <subfield code="y">FPS</subfield>
    <subfield code="k">1285</subfield>
  </datafield>
  <datafield tag="952" ind1=" " ind2=" ">
    <subfield code="0">0</subfield>
    <subfield code="1">0</subfield>
    <subfield code="2">ddc</subfield>
    <subfield code="4">0</subfield>
    <subfield code="7">0</subfield>
    <subfield code="8">FS</subfield>
    <subfield code="a">SSSL</subfield>
    <subfield code="b">SSSL</subfield>
    <subfield code="c">DISPLAY</subfield>
    <subfield code="d">2016-06-28</subfield>
    <subfield code="e">SPARCH BOOKS</subfield>
    <subfield code="g">725.00</subfield>
    <subfield code="i">SGTU</subfield>
    <subfield code="l">4</subfield>
    <subfield code="o">531,GOL</subfield>
    <subfield code="p">PS512</subfield>
    <subfield code="r">2022-12-17 00:00:00</subfield>
    <subfield code="s">2022-12-16</subfield>
    <subfield code="w">2014-11-21</subfield>
    <subfield code="y">FPS</subfield>
    <subfield code="k">1285</subfield>
  </datafield>
  <datafield tag="952" ind1=" " ind2=" ">
    <subfield code="0">0</subfield>
    <subfield code="1">0</subfield>
    <subfield code="2">ddc</subfield>
    <subfield code="4">0</subfield>
    <subfield code="7">0</subfield>
    <subfield code="8">FS</subfield>
    <subfield code="a">SSSL</subfield>
    <subfield code="b">SSSL</subfield>
    <subfield code="c">DISPLAY</subfield>
    <subfield code="d">2016-06-28</subfield>
    <subfield code="e">SPARCH BOOKS</subfield>
    <subfield code="g">725.00</subfield>
    <subfield code="i">SGTU</subfield>
    <subfield code="l">3</subfield>
    <subfield code="o">531,GOL</subfield>
    <subfield code="p">PS513</subfield>
    <subfield code="r">2018-08-31 00:00:00</subfield>
    <subfield code="s">2018-08-14</subfield>
    <subfield code="w">2014-11-21</subfield>
    <subfield code="y">FPS</subfield>
    <subfield code="k">1285</subfield>
  </datafield>
  <datafield tag="999" ind1=" " ind2=" ">
    <subfield code="c">9287</subfield>
    <subfield code="d">9287</subfield>
  </datafield>
</record>
